000 01449njm a22002657a 4500
005 20100901141837.0
006 a|||||r|||||00| 0
007 sd ammalaaahaa
008 100901t xxu||||| |||| 00| 0 eng d
028 _aN.88078
_bHis Master 's Voice
028 _aOJE 2516
035 _aGR-194
040 _aSED
_cSED
100 _aNirmal Davi
_917816
245 _aBana bana ke tamenna mitai -Gajal /
_cby Nirmal Davi
_h[Gramophone Recoding] :
246 _aजादू भरे तोरे नेन (भेर्वी थोमरी) (निर्मल देवी)Jadu bhare tore nene(Bhervi thomri ) (Nirmal Davi)
260 _aDum Dum, India:
_bHis Master 's Voice
300 _a1 sound Disc [GramaphoneRecording] :
_banalog, 33 1/3 rpm ;
_c9.5 in (MP)
_fGramaphone Records
500 _aBrief Record
505 _aजादू भरे तोरे नेन (भेर्वी ठोमरी ) (निर्मल देवी ) Jadu bhare tore nene(Bhervi thomri ) (Nirmal Davi) साइड २ (गम की निशानी देके वह जा रहे हे ) (निर्मल देवी Side 2 (Gam ki nishani deke vah ja rahe he) (Nirmal Davi)
650 _aMotion Picture Music
_xExcerpts
_zIndia
_917817
700 _917836
_aSakeel badayuni
942 _2ddc
_cGR
999 _c43375
_d43375